000 00651nam a2200229 a 4500
001 000010000
003 OSt
005 20260321073639.0
008 091002s1998 dr 000 f spa d
040 _aDO-SdBNP
_bspa
_cBNPHU
082 _aRD863.44
_bB742m, 1998
100 1 _a Bosch, Juan,
_d1909-2001
_976555
245 1 3 _aLa maƱosa /
_cJuan Bosch.
250 _a25a ed.
260 _aSanto Domingo :
_bAlfa & Omega,
_c1998.
300 _a220 p. :
_b21 cm.
590 _aInventariado, 2020 / DG
650 0 _aNovela dominicana
_9223
650 0 _aLiteratura dominicana.
_967
910 _aValidado. Control de calidad MMOLINA
942 _2ddc
_cLBS1
999 _c9759
_d9759